|
|
|
|
| LEADER |
00000nab a2200000 ar4500 |
| 001 |
vtls010179518 |
| 003 |
SK-MaSNL |
| 005 |
20260303192611.0 |
| 008 |
101015c20101008xo |||||||||||000 b|slo |
| 015 |
|
|
|a SNBRB2010/10
|2 snkbucl
|
| 038 |
|
|
|a SNKBUCL
|
| 040 |
|
|
|a SNKBUCL
|b slo
|c SNKBUCL
|e AACR2
|
| 041 |
0 |
|
|a slo
|
| 044 |
|
|
|a xo
|c SK
|
| 080 |
|
|
|a 796.325.093.1
|x (100)
|2 2001
|
| 245 |
0 |
0 |
|a Splnená talianska misia
|b Brazília a Srbsko na MS volejbalistov štvrtý raz za sebou v semifinále
|
| 300 |
|
|
|b Fotogr., tab.
|
| 611 |
2 |
7 |
|a Majstrovstvá sveta volejbalistov
|n (17. :
|d 2010 :
|c Taliansko)
|2 snkbucl
|9 1222986
|
| 650 |
0 |
7 |
|a volejbal
|2 snkbucl
|9 3294
|
| 650 |
0 |
7 |
|a muži
|2 snkbucl
|9 4888
|
| 773 |
0 |
|
|t Šport
|g Roč. 64, č. 232 (8.10.2010), s. 45
|x 0139-7001
|
| 852 |
|
|
|a SNK
|b KIS3GCP
|
| 856 |
4 |
1 |
|u http://denniksport.sk/article/149625/splnena-talianska-misia
|
| 999 |
|
|
|c 2147313
|d 2149243
|